| 000 | 00419pab a2200157 454500 | ||
|---|---|---|---|
| 008 | 180718b1995 xxu||||| |||| 00| 0 eng d | ||
| 100 | _aDonovan, Mark | ||
| 245 | _aThe politics of electoral reform in Italy | ||
| 260 | _c1995 | ||
| 300 | _ap.47-64 | ||
| 362 | _aJan | ||
| 650 | _aItaly - Government and politics | ||
| 650 | _aElections - Italy | ||
| 773 | _aInternational Political Science Review | ||
| 909 | _a26382 | ||
| 999 |
_c26382 _d26382 |
||